000 00250nam a2200097Ia 4500
001 730681
005 20250826163719.0
008 250824s9999 xx 000 0 und d
245 0 _aSAKIN OKUMAYIN CISS!
_cÜNZİLE GİRİŞGİN
260 _bKİTAP DÜNYASI
999 _c730681
_d730681